000 00416nam a2200169Ia 4500
005 20251203160055.0
050 _aJZ 1242 .K43/
100 _aKhanna V.N.
245 0 _aInternational relations.
250 _a4th ed.
260 _aNew Delhi
260 _bVIKAS Publishing
260 _c2009
300 _a453 p
650 _aInternational relations. World politics--1989- Globalization.
942 _cBK
_2lcc
999 _c44044
_d44044